Statistics for Countries with the Lowest Population Density by Letter

Click here to take the quiz!

General Stats

  • This quiz has been taken 74 times
    (63 since last reset)
  • The average score is 17 of 24

Answer Stats

LetterPeople per Sq KmAnswer% Correct
M1.89Mongolia
94%
Y50.82Yemen
94%
O14.51Oman
92%
Q192.94Qatar
92%
Z21.54Zambia
92%
K6.44Kazakhstan
83%
R8.43Russia
83%
J85.01Jordan
79%
U19.47Uruguay
79%
C3.59Canada
77%
V21.71Vanuatu
75%
I3.21Iceland
73%
F16.20Finland
69%
H71.78Honduras
69%
A3.09Australia
67%
L3.57Libya
65%
N2.98Namibia
65%
B3.89Botswana
60%
T11.01Turkmenistan
56%
D32.95D.R.Congo
54%
G3.57Guyana
48%
P16.32Paraguay
48%
S3.31Suriname
48%
E29.01Estonia
42%

Score Distribution

Percentile by Number Answered

Percent of People with Each Score

Your Score History

You have not taken this quiz since the last reset